Ishtirākīyat al-Islām / (Record no. 48619)

MARC details
000 -LEADER
fixed length control field 00704cam a22002291a 4500
001 - CONTROL NUMBER
control field ne 66000013
003 - CONTROL NUMBER IDENTIFIER
control field DLC
005 - DATE AND TIME OF LATEST TRANSACTION
control field 20260227111819.0
008 - FIXED-LENGTH DATA ELEMENTS--GENERAL INFORMATION
fixed length control field 920131s1959 sy b 000 0 ara
010 ## - LIBRARY OF CONGRESS CONTROL NUMBER
LC control number ne 66000013
035 ## - SYSTEM CONTROL NUMBER
System control number (OCoLC)25195108
040 ## - CATALOGING SOURCE
Original cataloging agency DLC
Transcribing agency MWalB
Modifying agency MWalB
-- DLC
042 ## - AUTHENTICATION CODE
Authentication code premarc
050 00 - LIBRARY OF CONGRESS CALL NUMBER
Classification number HX550.I8
Item number S48
100 1# - MAIN ENTRY--PERSONAL NAME
Personal name Sibāʻi, Muṣṭafā,
Dates associated with a name 1915-1964.
245 10 - TITLE STATEMENT
Title Ishtirākīyat al-Islām /
Statement of responsibility, etc. taʼlīf Muṣṭafā al-Sibāʻī.
250 ## - EDITION STATEMENT
Edition statement al-Ṭabʻah al-ulá.
260 ## - PUBLICATION, DISTRIBUTION, ETC.
Place of publication, distribution, etc. Damashaq :
Name of publisher, distributor, etc. Maṭbuʻah Jāmiʻat Damashaq,
Date of publication, distribution, etc. 1959.
300 ## - PHYSICAL DESCRIPTION
Extent 175 p. ;
Dimensions 24 cm.
504 ## - BIBLIOGRAPHY, ETC. NOTE
Bibliography, etc. note Includes bibliographical references (p. 170-172)
650 #0 - SUBJECT ADDED ENTRY--TOPICAL TERM
Topical term or geographic name entry element Socialism and Islam.

No items available.

Powered by Koha